| 000 | 00956nam a2200253 a 4500 | ||
|---|---|---|---|
| 003 | MX-MxUPN | ||
| 005 | 20240106063558.0 | ||
| 007 | cr | ||
| 008 | 240105t2018 mx a||||o|||| 000 0 spa d | ||
| 020 | _a9786078164042 | ||
| 040 |
_aMX-MxUPN _bspa _cMX-MxUPN _eaacr2 |
||
| 041 | 0 | _aspa | |
| 050 | 1 | 4 | _aHM846 |
| 245 | 0 | 0 |
_aInnovación para el desarrollo sostenible _h[recurso electrónico en línea] |
| 260 |
_aMéxico : _bGobierno del Estado de Guanajuato : _bOficina de la Unesco en México, _c©2018. |
||
| 300 |
_a1 recurso en línea (708 páginas) : _bPDF, ilustraciones |
||
| 506 | 0 | _aAcceso abierto. | |
| 650 | 4 |
_aInnovaciones tecnológicas _xAspectos sociales _927408 |
|
| 700 | 1 |
_aSanz, Nuria _946921 _eedición |
|
| 700 | 1 |
_aTejada, Carlos _950708 _eedición |
|
| 856 | 4 | 0 | _uhttps://unesdoc.unesco.org/ark:/48223/pf0000265693?posInSet=18&queryId=N-3bb688e9-ce59-4c49-b223-7131795aee05 |
| 902 | _aVíctor Ruiz/050124 | ||
| 942 |
_2lcc _cLIBRO-E |
||
| 999 |
_c210712 _d210712 |
||